Co Jeździ Na Stacji Katowice | PKP | #3 - Statystyki

Ogólne statystyki
  • Ten quiz został rozwiązany 35 razy
  • Średni wynik to 17 z 45
Statystyki odpowiedzi
Rodzaj Nazwa % Poprawnych
IC | Silesia
74%
IC | Batory
70%
TLK | Spodek
67%
EIC | Ondraszek
56%
IC | Sobieski
56%
IC | Sudety
56%
TLK | Flisak
52%
IC | Daszyński
48%
IC | Doker
48%
IC | Odra
48%
IC | Chemik
44%
IC | Hutnik
44%
IC | Wawel
44%
TLK | Wydmy
44%
IC | Górnik
41%
IC | Matejko
41%
IC | Moravia
41%
TLK | Osterwa
41%
TLK | Pirat
41%
IC | Szkuner
41%
IC | Galicja
37%
IC | Pilecki
37%
IC | Wyspiański
37%
EIC | Fregata
33%
IC | Polonia
33%
IC | Szczeliniec
33%
TLK | Wolin
33%
EIC | Wysocki
33%
IC | Adriatic
30%
IC | Gwarek
30%
IC | Jagiełło
30%
IC | Korfanty
30%
TLK | Kossak
30%
IC | Malczewski
30%
IC | Podhalanin
30%
IC | Skarbek
30%
IC | Zefir
30%
IC | Chełmoński
26%
IC | Fałat
26%
IC | Siemiradzki
26%
IC | Sztygar
26%
IC | Wyczółkowski
26%
IC | Łukasiewicz
22%
IC | Mehoffer
22%
IC | Morcinek
22%
Nie znaleziono quizów pasujących do podanych kryteriów
Rozkład punktacji
Procent ludzi z każdym wynikiem
Percentyl według liczby udzielonych odpowiedzi
Twoja historia wyników
Nie rozwiązałeś tego quizu